Organizational behaviour : (Record no. 347073)
[ view plain ]
| 000 -LEADER | |
|---|---|
| fixed length control field | 00522 a2200145 4500 |
| 020 ## - INTERNATIONAL STANDARD BOOK NUMBER | |
| International Standard Book Number | 0074705407 (paperback) |
| 020 ## - INTERNATIONAL STANDARD BOOK NUMBER | |
| International Standard Book Number | 9780074705407 (paperback) |
| 090 ## - LOCALLY ASSIGNED LC-TYPE CALL NUMBER (OCLC); LOCAL CALL NUMBER (RLIN) | |
| -- | 4636 |
| -- | 4636 |
| 100 1# - MAIN ENTRY--PERSONAL NAME | |
| Personal name | Lussier. |
| 245 10 - TITLE STATEMENT | |
| Title | Organizational behaviour : |
| Remainder of title | australian edition : |
| -- | a skill-building approach :australian edition / |
| Statement of responsibility, etc. | Lussier. |
| 260 ## - PUBLICATION, DISTRIBUTION, ETC. | |
| Place of publication, distribution, etc. | [S.l.] : |
| Name of publisher, distributor, etc. | McGraw-Hill Australia, |
| Date of publication, distribution, etc. | 1997. |
| 300 ## - PHYSICAL DESCRIPTION | |
| Extent | 517 p. |
| 856 40 - ELECTRONIC LOCATION AND ACCESS | |
| Materials specified | Amazon.com |
| Uniform Resource Identifier | <a href="http://www.amazon.com/exec/obidos/ASIN/0074705407/chopaconline-20">http://www.amazon.com/exec/obidos/ASIN/0074705407/chopaconline-20</a> |
| 942 ## - ADDED ENTRY ELEMENTS (KOHA) | |
| Institution code [OBSOLETE] | NBS |
| Koha item type | Book |
| Call number prefix | 658.3 ROB |
| Withdrawn status | Lost status | Damaged status | Not for loan | Permanent Location | Current Location | Date acquired | Total Checkouts | Full call number | Barcode | Date last seen | Date last checked out | Price effective from | Koha item type |
|---|---|---|---|---|---|---|---|---|---|---|---|---|---|
| Central Library (CL) | Central Library (CL) | 08/28/2013 | 4 | 658.3 ROB | NBS6394 | 06/15/2017 | 06/08/2017 | 08/28/2013 | Book |
